[Event "Novosibirsk Region-ch sf"]
[Site "Novosibirsk"]
[Date "2010.10.20"]
[Round "5"]
[White "Tulupov, Mikhail"]
[Black "Romanov, Viktor"]
[Result "0-1"]
[WhiteElo "1705"]
[BlackElo "1947"]
[PlyCount "64"]
[EventDate "2010.??.??"]
[EventType "swiss"]
[EventRounds "9"]
[EventCountry "RUS"]
[SourceTitle "EXT 2014"]
[Source "ChessBase"]
[SourceDate "2013.11.20"]
[SourceVersion "1"]
[SourceVersionDate "2013.11.20"]
[SourceQuality "1"]

1. c4 b6 2. d4 e6 3. e4 Bb7 4. Bd3 Bb4+ 5. Nc3 Bxc3+ 6. bxc3 c5 7. Nf3 d6 8. 0-0 Ne7 9. d5 0-0 10. e5 h6 11. dxe6 fxe6 12. exd6 Nf5 13. Bf4 Nd7 14. Qe2 Qf6 15. Be5 Bxf3 16. Bxf6 Bxe2 17. Bxe2 Rxf6 18. Bf3 Rd8 19. Rad1 Ne5 20. Be4 Nxd6 21. Rfe1 Nef7 22. Bd3 Kf8 23. a4 Nb7 24. Be4 Na5 25. Bd3 Ke7 26. g3 Rf3 27. Bg6 Rxd1 28. Rxd1 Ne5 29. Be4 Rxc3 30. f4 Nexc4 31. f5 Nd6 32. Bd3 Nxf5 0-1

[Event "Novosibirsk Sept op"]
[Site "Novosibirsk"]
[Date "2010.09.21"]
[Round "8"]
[White "Likhomanov, Alexey"]
[Black "Tulupov, Mikhail"]
[Result "0-1"]
[WhiteElo "1866"]
[BlackElo "1705"]
[PlyCount "66"]
[EventDate "2010.09.06"]
[EventType "swiss"]
[EventRounds "9"]
[EventCountry "RUS"]
[SourceTitle "CBM 138 Extra"]
[Source "ChessBase"]
[SourceDate "2010.10.29"]
[SourceVersion "1"]
[SourceVersionDate "2010.10.29"]
[SourceQuality "1"]

1. d4 d5 2. Bg5 Nf6 3. e3 Ne4 4. Bf4 e6 5. Nd2 Nf6 6. Bd3 c5 7. c3 Nc6 8. Bg5 Be7 9. Ngf3 a6 10. a4 Bd7 11. Qe2 c4 12. Bc2 Qb6 13. Rb1 Rb8 14. 0-0 Na5 15. Ne5 Qc7 16. e4 Bd6 17. Nef3 dxe4 18. Nxe4 Nxe4 19. Bxe4 0-0 20. Ne5 Bxa4 21. Qh5 f5 22. Ra1 Be8 23. Qh3 Bxe5 24. Rfe1 Nb3 25. Bb1 Bxh2+ 26. Kh1 Bf4 27. Bxf4 Nxa1 28. Rxe6 Bg6 29. Re7 Rbe8 30. Bxf5 Rxe7 31. Be6+ Kh8 32. g3 Rxe6 33. Qxe6 Qc6+ 0-1

[Event "Novosibirsk Sukharev Memorial Seniors"]
[Site "Novosibirsk"]
[Date "2010.07.26"]
[Round "9"]
[White "Tulupov, Mikhail"]
[Black "Stepanenko, Leonid"]
[Result "1-0"]
[WhiteElo "1680"]
[BlackElo "1873"]
[PlyCount "61"]
[EventDate "2010.07.18"]
[EventType "swiss"]
[EventRounds "9"]
[EventCountry "RUS"]
[SourceTitle "EXT 2011"]
[Source "ChessBase"]
[SourceDate "2010.11.26"]
[SourceVersion "1"]
[SourceVersionDate "2010.11.26"]
[SourceQuality "1"]

1. c4 e5 2. Nc3 Nc6 3. g3 f5 4. Bg2 Nf6 5. a3 a5 6. d3 Bc5 7. e3 0-0 8. Nge2 d6 9. d4 exd4 10. exd4 Bb6 11. 0-0 Bd7 12. h3 Qe7 13. Bg5 h6 14. Nd5 Qf7 15. Bxf6 gxf6 16. Nef4 Bxd4 17. Nxc7 Kh7 18. Bd5 Qg7 19. Kh2 Be5 20. Nce6 Bxe6 21. Bxe6 Nd4 22. Qd3 Rae8 23. Bxf5+ Nxf5 24. Qxf5+ Kg8 25. Rad1 Qg5 26. Qe4 Bxf4 27. Qxf4 Qxf4 28. gxf4 Re4 29. b3 Rd8 30. Kg3 Kf7 31. Kf3 1-0

[Event "Novosibirsk Sukharev Memorial Seniors"]
[Site "Novosibirsk"]
[Date "2010.07.18"]
[Round "1"]
[White "Norchenko, Konstantin Grigorie"]
[Black "Tulupov, Mikhail"]
[Result "0-1"]
[WhiteElo "2025"]
[BlackElo "1680"]
[PlyCount "91"]
[EventDate "2010.07.18"]
[EventType "swiss"]
[EventRounds "9"]
[EventCountry "RUS"]
[SourceTitle "EXT 2011"]
[Source "ChessBase"]
[SourceDate "2010.11.26"]
[SourceVersion "1"]
[SourceVersionDate "2010.11.26"]
[SourceQuality "1"]

1. e4 e6 2. d4 d5 3. Nd2 Nf6 4. e5 Nfd7 5. f4 c5 6. c3 Nc6 7. Ngf3 Be7 8. Be2 cxd4 9. cxd4 Qb6 10. Nb3 h6 11. 0-0 g5 12. Kh1 g4 13. Ne1 h5 14. Be3 Nf8 15. Nd3 Bd7 16. Rc1 Ng6 17. Ndc5 Nh4 18. Bd3 0-0-0 19. Nxd7 Kxd7 20. f5 Nxe5 21. fxe6+ fxe6 22. Nc5+ Bxc5 23. dxc5 Qc6 24. Bc2 Kc8 25. Bd4 Nc4 26. Qe1 Rhf8 27. Qxh4 e5 28. Rxf8 Rxf8 29. Qxh5 exd4 30. Qxg4+ Kb8 31. Qxd4 Qe6 32. h3 Ne3 33. Bd3 Qh6 34. Qe5+ Ka8 35. Re1 d4 36. Qxd4 Nxg2 37. Kxg2 Rg8+ 38. Kh2 a6 39. Qf2 Rf8 40. Qg3 Qc6 41. b4 Qd5 42. Bxa6 Rg8 43. Bxb7+ Kxb7 44. Re7+ Ka6 45. Qa3+ Kb5 46. Qa6+ 0-1

[Event "Novosibirsk November op"]
[Site "Novosibirsk"]
[Date "2009.11.27"]
[Round "8"]
[White "Tulupov, Mikhail"]
[Black "Stepanenko, Leonid"]
[Result "1/2-1/2"]
[WhiteElo "1709"]
[BlackElo "1857"]
[PlyCount "37"]
[EventDate "2009.11.16"]
[EventType "swiss"]
[EventRounds "9"]
[EventCountry "RUS"]
[SourceTitle "EXT 2011"]
[Source "ChessBase"]
[SourceDate "2010.11.26"]
[SourceVersion "1"]
[SourceVersionDate "2010.11.26"]
[SourceQuality "1"]

1. d4 d5 2. c4 c6 3. Nc3 Nf6 4. g3 e6 5. Bg2 dxc4 6. Nf3 Nbd7 7. a4 Bb4 8. Qc2 0-0 9. 0-0 Nd5 10. Ne5 Nxe5 11. dxe5 Qc7 12. Ne4 b5 13. Ng5 g6 14. Qe4 h6 15. Nf3 Kg7 16. Qh4 Rh8 17. Nd4 Be7 18. Qg4 h5 19. Qf3 1/2-1/2

[Event "Novosibirsk November op"]
[Site "Novosibirsk"]
[Date "2009.11.19"]
[Round "3"]
[White "Chaschin, Nikolay"]
[Black "Tulupov, Mikhail"]
[Result "1-0"]
[WhiteElo "1844"]
[BlackElo "1709"]
[PlyCount "87"]
[EventDate "2009.11.16"]
[EventType "swiss"]
[EventRounds "9"]
[EventCountry "RUS"]
[SourceTitle "EXT 2011"]
[Source "ChessBase"]
[SourceDate "2010.11.26"]
[SourceVersion "1"]
[SourceVersionDate "2010.11.26"]
[SourceQuality "1"]

1. e4 c5 2. f4 e6 3. Nf3 d5 4. Bb5+ Nc6 5. e5 Bd7 6. Nc3 d4 7. Ne4 Nxe5 8. Qe2 Nxf3+ 9. gxf3 Bxb5 10. Qxb5+ Qd7 11. Qe2 Be7 12. 0-0 Nh6 13. d3 Nf5 14. Rf2 Rc8 15. Rg2 Qb5 16. b3 g6 17. Bd2 Qc6 18. h3 b5 19. c4 bxc4 20. dxc4 h6 21. Qd3 0-0 22. Kh1 Kh7 23. Rag1 Nh4 24. Rg3 Nf5 25. R3g2 Ra8 26. Bc1 a5 27. a4 Rab8 28. Nd2 Qb6 29. Ba3 Bd6 30. Ne4 Be7 31. Rb1 Ne3 32. Re2 Qc7 33. Rxe3 dxe3 34. Qxe3 Rfd8 35. Bb2 Qd7 36. Qc3 Qd4 37. Qxa5 Qe3 38. Qc3 Qxc3 39. Bxc3 Rd3 40. Kg2 f5 41. Be5 Rdxb3 42. Rxb3 fxe4 43. Rxb8 exf3+ 44. Kf2 1-0

[Event "Novosibirsk Sukharev Memorial Seniors"]
[Site "Novosibirsk"]
[Date "2009.07.26"]
[Round "9"]
[White "Migunov, Vladislav"]
[Black "Tulupov, Mikhail"]
[Result "1-0"]
[WhiteElo "1900"]
[BlackElo "1712"]
[PlyCount "81"]
[EventDate "2009.07.18"]
[EventType "swiss"]
[EventRounds "9"]
[EventCountry "RUS"]
[SourceTitle "EXT 2021"]
[Source "ChessBase"]
[SourceDate "2020.10.23"]
[SourceVersion "1"]
[SourceVersionDate "2020.10.23"]
[SourceQuality "1"]

1. e4 e6 2. d4 d5 3. e5 c5 4. c3 Nc6 5. Nf3 Be7 6. Bd3 Bd7 7. 0-0 g5 8. dxc5 g4 9. Nd4 Nxe5 10. Bb5 h5 11. Qe2 Nc6 12. b4 Nxd4 13. cxd4 Bxb5 14. Qxb5+ Qd7 15. Nc3 a6 16. Qd3 f5 17. Bf4 Bf6 18. Rfe1 Kf7 19. a4 Ne7 20. b5 Ng6 21. Bd2 h4 22. Ne2 Rag8 23. Nf4 Nxf4 24. Bxf4 Qd8 25. bxa6 bxa6 26. Qxa6 Re8 27. Qd3 Qa5 28. Be5 Bxe5 29. Rxe5 Kf6 30. Ree1 Rb8 31. Qe3 Qa6 32. Qe5+ Kf7 33. Qc7+ Kg6 34. c6 Rhe8 35. Qd7 Kf6 36. c7 Rbc8 37. Rac1 Re7 38. Rc6 Rxc7 39. Rexe6+ Rxe6 40. Qxe6+ Kg5 41. Qh6# 1-0

[Event "Novosibirsk Sukharev Memorial Seniors"]
[Site "Novosibirsk"]
[Date "2009.07.22"]
[Round "5"]
[White "Tulupov, Mikhail"]
[Black "Abanin, Vladimir"]
[Result "1-0"]
[WhiteElo "1712"]
[BlackElo "1887"]
[PlyCount "115"]
[EventDate "2009.07.18"]
[EventType "swiss"]
[EventRounds "9"]
[EventCountry "RUS"]
[SourceTitle "EXT 2021"]
[Source "ChessBase"]
[SourceDate "2020.10.23"]
[SourceVersion "1"]
[SourceVersionDate "2020.10.23"]
[SourceQuality "1"]

1. d4 d6 2. c4 Nf6 3. Nf3 g6 4. Nc3 Bg7 5. g3 c6 6. Bg2 Bg4 7. d5 c5 8. Nd2 0-0 9. 0-0 Qc8 10. Re1 Bh3 11. Bh1 Ng4 12. e4 Bd4 13. Re2 Nd7 14. Nf3 Bg7 15. Ng5 Nxf2 16. Rxf2 Ne5 17. Nxh3 Qxh3 18. Bg2 Qg4 19. Qxg4 Nxg4 20. Rc2 Bd4+ 21. Kf1 Nxh2+ 22. Ke2 f5 23. Be3 Bxe3 24. Kxe3 Ng4+ 25. Ke2 Ne5 26. b3 f4 27. gxf4 Rxf4 28. Rf1 Raf8 29. Rxf4 Rxf4 30. Rc1 g5 31. Rf1 Ng6 32. Rxf4 Nxf4+ 33. Kf3 h5 34. Ne2 Nxe2 35. Kxe2 Kg7 36. Ke3 Kf6 37. a3 Ke5 38. Bf3 h4 39. Bg4 Kf6 40. Kf3 Ke5 41. Bh3 Kd4 42. Kg4 Kc3 43. Kf5 Kxb3 44. Ke6 Kxc4 45. Kxe7 Kb3 46. e5 c4 47. exd6 c3 48. Bf5 h3 49. Bxh3 c2 50. d7 c1Q 51. d8Q Qe3+ 52. Be6 g4 53. d6+ Kxa3 54. Qa5+ Kb2 55. Qa2+ Kc1 56. Qc4+ Kd2 57. Qd5+ Ke1 58. d7 1-0

[Event "Novosibirsk Sukharev Memorial Seniors"]
[Site "Novosibirsk"]
[Date "2009.07.20"]
[Round "3"]
[White "Klimov, Valery"]
[Black "Tulupov, Mikhail"]
[Result "1-0"]
[WhiteElo "1928"]
[BlackElo "1712"]
[PlyCount "42"]
[EventDate "2009.07.18"]
[EventType "swiss"]
[EventRounds "9"]
[EventCountry "RUS"]
[SourceTitle "EXT 2021"]
[Source "ChessBase"]
[SourceDate "2020.10.23"]
[SourceVersion "1"]
[SourceVersionDate "2020.10.23"]
[SourceQuality "1"]

1. e4 e6 2. d4 d5 3. Nc3 Bb4 4. e5 c5 5. a3 cxd4 6. axb4 dxc3 7. Qg4 g6 8. Nf3 Qc7 9. Bd3 Nc6 10. 0-0 Nxe5 11. Qd4 Nxf3+ 12. gxf3 f6 13. Re1 Ne7 14. Qxf6 Rf8 15. Qg7 cxb2 16. Bh6 Rf7 17. Qh8+ Kd7 18. Qxb2 Nf5 19. Bb5+ Kd8 20. Bg5+ Qe7 21. Bxe7+ Kxe7 1-0

[Event "Novosibirsk op 03"]
[Site "Novosibirsk"]
[Date "2009.03.24"]
[Round "5"]
[White "Trofimov, Viktor"]
[Black "Tulupov, Mikhail"]
[Result "1-0"]
[WhiteElo "1791"]
[BlackElo "1712"]
[PlyCount "33"]
[EventDate "2009.03.17"]
[EventType "swiss"]
[EventRounds "9"]
[EventCountry "RUS"]
[SourceTitle "EXT 2012"]
[Source "ChessBase"]
[SourceDate "2011.11.24"]
[SourceVersion "1"]
[SourceVersionDate "2011.11.24"]
[SourceQuality "1"]

1. e4 e5 2. Nf3 Nc6 3. Bc4 Bc5 4. b4 Bxb4 5. c3 Be7 6. d4 Na5 7. Nxe5 Nxc4 8. Nxc4 d5 9. exd5 Qxd5 10. Ne3 Qg5 11. 0-0 Nf6 12. Re1 Qg6 13. Nc4 Nd5 14. Ne5 Qd6 15. Ba3 Qf6 16. c4 Bd6 17. Ng4+ 1-0

[Event "Novosibirsk March op"]
[Site "Novosibirsk"]
[Date "2008.03.25"]
[Round "7"]
[White "Kaigorodov, Timofei"]
[Black "Tulupov, Mikhail"]
[Result "0-1"]
[WhiteElo "1811"]
[BlackElo "1768"]
[PlyCount "100"]
[EventDate "2008.03.11"]
[EventType "swiss"]
[EventRounds "9"]
[EventCountry "RUS"]
[SourceTitle "EXT 2010"]
[Source "ChessBase"]
[SourceDate "2010.11.25"]
[SourceVersion "1"]
[SourceVersionDate "2010.11.25"]
[SourceQuality "1"]

1. e4 e6 2. d4 d5 3. Nd2 Nf6 4. e5 Nfd7 5. Nb3 c5 6. Nf3 cxd4 7. Nbxd4 Nc6 8. Nxc6 bxc6 9. Be2 Qc7 10. Qd4 c5 11. Qf4 Be7 12. Qg3 Bf8 13. 0-0 c4 14. Be3 g6 15. h4 Bg7 16. Bd4 Nc5 17. Qf4 h5 18. Qe3 Ne4 19. Ng5 Bh6 20. f4 Bb7 21. Bxa7 Bf8 22. Nxe4 dxe4 23. Bd4 Rd8 24. Kh2 Be7 25. g3 0-0 26. a3 Qd7 27. Rfd1 Qa4 28. b3 cxb3 29. cxb3 Qd7 30. Bb6 Bd5 31. Bxd8 Rxd8 32. b4 Rb8 33. Rac1 Bd8 34. Rc3 Qb7 35. Qf2 Bb6 36. Qf1 Qa7 37. Rdc1 Kg7 38. Bb5 Bd4 39. a4 Bxc3 40. Rxc3 Qd4 41. Qe1 Qxb4 42. Qe3 Qb2+ 43. Kg1 Rd8 44. Qc1 Qb4 45. Qe3 Bb7 46. Qc5 Qb1+ 47. Rc1 Rd1+ 48. Rxd1 Qxd1+ 49. Kf2 Qf3+ 50. Ke1 e3 0-1

[Event "Novosibirsk March op"]
[Site "Novosibirsk"]
[Date "2008.03.11"]
[Round "1"]
[White "Stepanenko, Leonid"]
[Black "Tulupov, Mikhail"]
[Result "1-0"]
[WhiteElo "1928"]
[BlackElo "1768"]
[PlyCount "74"]
[EventDate "2008.03.11"]
[EventType "swiss"]
[EventRounds "9"]
[EventCountry "RUS"]
[SourceTitle "EXT 2010"]
[Source "ChessBase"]
[SourceDate "2010.11.25"]
[SourceVersion "1"]
[SourceVersionDate "2010.11.25"]
[SourceQuality "1"]

1. c4 e5 2. Nc3 Nf6 3. g3 c6 4. Bg2 d5 5. cxd5 cxd5 6. e3 Nc6 7. Nge2 Be7 8. 0-0 0-0 9. d4 e4 10. Nf4 Bg4 11. f3 exf3 12. Bxf3 Bf5 13. Nfxd5 Nxd5 14. Nxd5 Bh3 15. Nxe7+ Qxe7 16. Rf2 Qd6 17. Bd2 Rae8 18. a3 b6 19. Rc1 Ne7 20. Bb4 Qe6 21. e4 a5 22. d5 Qd7 23. Bc3 Ng6 24. Qd4 Ne5 25. Bg2 f6 26. b4 Bxg2 27. Kxg2 Rc8 28. Rcc2 Rc4 29. Qd1 Ng4 30. Rfe2 Rfc8 31. Bd4 axb4 32. axb4 b5 33. Rxc4 Rxc4 34. Bc5 Qe8 35. Qd3 Qe5 36. d6 Rc3 37. Qd5+ Kh8 1-0